| 000 | 00000nam##2200000za#4500 |
| 001 | 9.691548 |
| 003 | CaOODSP |
| 005 | 20210624232821 |
| 007 | cr ||||||||||| |
| 008 | 150407|2008||||xxc|||||o f|0| 0 eng|d |
| 020 | |a978-1-100-11095-0 |
| 040 | |aCaOODSP|beng |
| 043 | |an-cn--- |
| 086 | 1 |aX9-30/2008E-PDF |
| 110 | 1 |aCanada. |bParliament. |bHouse of Commons. |
| 245 | 10|aAmending bills at committee and report stages / |h[electronic resource]|cprepared by the Legislative Services. |
| 250 | |a2nd edition |
| 260 | |aOttawa - Ontario : |bHouse of Commons |cOctober 2008. |
| 300 | |a12p. |
| 590 | |a12-26-Supp|b2012-06-07 |
| 690 | 07|aAmendments|2gcpds |
| 775 | 08|tProcesus d'amendement des projets de loi aux étapes du comité et du rapport / |w(CaOODSP)9.635876 |
| 856 | 40|ahttp://publications.gc.ca|qPDF|s1.06 MB|uhttps://publications.gc.ca/collections/collection_2012/parl/X9-30-2008-eng.pdf |